| 000 | 00000nam 2200000za 4500 |
| 001 | 9.841011 |
| 003 | CaOODSP |
| 005 | 20221107152002 |
| 007 | cr ||||||||||| |
| 008 | 170803s1990 qucb |o f|0| 0 fre d |
| 020 | |z0-662-57901-1 |
| 040 | |aCaOODSP|bfre |
| 043 | |an-cn--- |
| 086 | 1 |aEn107-3/20-1990F-PDF|zEn107-3/20-1990 |
| 100 | 1 |aNakashima, D. J. |
| 245 | 14|aLes connaissances des autochtones appliquées aux études d'impact environnemental |h[ressource électronique] : |bles Inuit, les eiders et le pétrole de la baie d'Hudson / |cDouglas J. Nakashima. |
| 260 | |a[Hull, Québec] : |bConseil canadien de la recherche sur l'évaluation environnementale, |c1990. |
| 300 | |a29 p. : |bcartes. |
| 500 | |a« Septembre 1990 » |
| 500 | |aÉdition numérisée de l’imprimé. |
| 500 | |aPubli. aussi en anglais sous le titre : Application of native knowledge in EIA : Inuit, Eiders and Hudson Bay oil. |
| 504 | |aComprend des références bibliographiques. |
| 520 | |a« L’exploration pétrolière continue a dominer le développement de l’Arctique. La possibilité d’un déversement accidentel de pétrole dans les eaux de ces régions constitue par conséquent une menace constante pour l’environnement. Face a cette poussée incessante pour le développement pétrolier dans le Nord, les responsables de l’étude d’impact sur l’environnement (EIE) n’ont pas toujours la tâche facile »--Sommaire. |
| 692 | 07|2gccst|aÉvaluation environnementale |
| 692 | 07|2gccst|aAutochtones |
| 710 | 1 |aCanada. |bAgence canadienne d'évaluation environnementale. |
| 775 | 08|tApplication of native knowledge in EIA |w(CaOODSP)9.841004 |
| 856 | 40|qPDF|s710 Ko|uhttps://publications.gc.ca/collections/collection_2017/acee-ceaa/En107-3-20-1990-fra.pdf |